Personnalités photographiées avec Nicolas Sarkozy - Statistiques

Statistiques générales
  • Ce quiz a été pris 2 201 fois
  • Le résultat moyen est 15 sur 20
Statistiques - réponses
Par images Réponse % Correct
François Hollande
100%
Barack Obama
99%
Elizabeth II
99%
Johnny Hallyday
98%
Vladimir Poutine
98%
Angela Merkel
96%
Carla Bruni
88%
Simone Veil
86%
François Bayrou
82%
Ségolène Royal
82%
David Pujadas
81%
Valérie Pécresse
80%
Gilbert Montagné
79%
François Fillon
77%
Dominique de Villepin
65%
Mouammar Kadhafi
65%
Bernadette Chirac
59%
Patrick Balkany
48%
Viktor Orban
32%
Charles Pasqua
23%
Aucun quiz correspondant
Distribution des résultats
% des personnes avec chaque résultat
Percentile par nombre de réponses
Votre historique - résultats
Vous n’avez pas pris ce quiz